M. Skopec a kol.: Umenie liečenia - Z dejín medicíny a farmácie

Bibliographic Details
Main Authors: Fundárek (Author), Skopec, M. (Author)
Format: Article
Language:Slovak
Subjects:

MARC

LEADER 00000nab a2200000 a 4500
001 vtls000478193
003 SK-MaSNL
005 20260304221448.0
008 230120c1992 xo 0 slo
015 |a SNBRB19rr/mm-uuuuu 
035 |a CL0478328 
035 |a urn:nbn:sk:snk-ab6ljz 
035 |a (uuid)08d0468b-974b-4868-aa75-d51e8238c7e3 
035 |a (urnnbn)urn:nbn:sk:snk:ar-005gh8 
035 |a (sysno)vtls000478193 
040 |a SNKBUCL  |b slo  |c SNKBUCL  |e AACR2 
041 0 |a slo 
044 |a xo  |c SK 
080 |a 61(091):061.4  |2 1981 
080 |a 615(091)  |2 1981 
100 1 |a Fundárek  |4 aut  |9 1120295 
245 1 0 |a M. Skopec a kol.: Umenie liečenia - Z dejín medicíny a farmácie  |c Fundárek 
650 0 7 |a medicína  |2 snkbucl  |9 899 
650 0 7 |a farmácia  |2 snkbucl  |9 2467 
655 7 |a články z novín a časopisov  |2 snkbucl  |9 267496 
700 1 |a Skopec, M.  |4 aut  |9 1553675 
773 0 |t Lekársky obzor  |g Roč. 41, č. 11 (1992), s. 641-642 
787 0 8 |i Rec.:  |a Skopec, M.  |t Kunst des Heilens - Aus der Geschichte der Medizin und Pharmazie  |d Wiener Neustadt, 1992 
850 |a Slovenská národná knižnica v Martine  |a MTA001 
852 |a SNK  |b KIS3GCP 
954 |a odborná, vedecká literatúra pôvodná (slovenská)  |2 lita 
958 |a OND 
958 |a RK 
958 |a MI 
958 |a EUIPO 
958 |a article2022 
992 |a RBX 
999 |c 3158018  |d 3159948